00450 a2200157 4500003000400000005001700004008004100021020001800062040000900080082001700089100002100106245010800127250001200235260003500247300001000282OSt20230915152032.0230915b |||||||| |||| 00| 0 eng d a9789963916375 coclc a613.2bMCR/W1 aMcRobert, Stuart aWeight-loss salvation: bhow real people lose weight and keep it off /cStuart McRobert, Bradley Cailor a1st ed. aCyprus:bC S publishingc2010. a479 p